<?xml version="1.0" encoding="UTF-8"?>
<record
    xmlns:xsi="http://www.w3.org/2001/XMLSchema-instance"
    xsi:schemaLocation="http://www.loc.gov/MARC21/slim http://www.loc.gov/standards/marcxml/schema/MARC21slim.xsd"
    xmlns="http://www.loc.gov/MARC21/slim">

  <leader>04351cam a22002897i 4500</leader>
  <controlfield tag="005">20250616100035.0</controlfield>
  <datafield tag="020" ind1=" " ind2=" ">
    <subfield code="a">9781398602045</subfield>
    <subfield code="c">196,794/=</subfield>
  </datafield>
  <datafield tag="020" ind1=" " ind2=" ">
    <subfield code="c">TZS 114,526.54/=</subfield>
  </datafield>
  <datafield tag="040" ind1=" " ind2=" ">
    <subfield code="a">MU Library</subfield>
    <subfield code="b">eng.</subfield>
    <subfield code="e">AACR</subfield>
  </datafield>
  <datafield tag="082" ind1="0" ind2="4">
    <subfield code="a">REF 658.788 RUS</subfield>
  </datafield>
  <datafield tag="100" ind1="1" ind2=" ">
    <subfield code="a">RUSHTON, A,</subfield>
  </datafield>
  <datafield tag="245" ind1="1" ind2="4">
    <subfield code="a"> The handbook of logistics and distribution management : </subfield>
    <subfield code="c">Alan Rushton (Author), Phil Croucher (Author) and  Baker (Author)</subfield>
    <subfield code="b"> / understanding the supply chain</subfield>
  </datafield>
  <datafield tag="246" ind1="3" ind2=" ">
    <subfield code="a">Handbook of logistics &amp; distribution management</subfield>
  </datafield>
  <datafield tag="250" ind1=" " ind2=" ">
    <subfield code="a">7th ed.</subfield>
  </datafield>
  <datafield tag="260" ind1=" " ind2=" ">
    <subfield code="a">London</subfield>
    <subfield code="b"> Kogan Page</subfield>
    <subfield code="c">c 2022.</subfield>
  </datafield>
  <datafield tag="300" ind1=" " ind2=" ">
    <subfield code="a">xxx, 792p. :</subfield>
    <subfield code="b">ill. ;</subfield>
    <subfield code="c">c 24.</subfield>
  </datafield>
  <datafield tag="504" ind1=" " ind2=" ">
    <subfield code="a">Includes bibliographical references (pages 825-828) and index.</subfield>
  </datafield>
  <datafield tag="505" ind1=" " ind2=" ">
    <subfield code="a">Part One. Concepts of logistics and distribution
Introduction to logistics and distribution
Integrated logistics and the supply chain
Customer service and logistics
Channels of distribution
Key issues and challenges for logistics and the supply chain
Part Two. Planning for logistics
Logistics planning overview
Logistic processes
Supply chain segmentation
Logistics costs and trade-off analysis
Logistics network planning
Logistics management and organization
Omnichannel fulfilment
Manufacturing logistics
Part Three. Procurement, inventory, and demand forecasting
Procurement and supply
Inventory: the basic concepts
Inventory and the supply chain
Inventory planning and demand forecasting
Part Four: Warehousing and storage
Principles of warehousing
Storage and handling systems (palletized)
Storage and handling systems (non-palletized)
Order picking and packing
Receiving and dispatch
Warehouse design
Warehouse management and information
Part Five. Freight transport
International logistics: modal choice
Maritime transport
Air transport
Rail and intermodal transport
Road freight transport: Vehicle selection
Road freight transport: Vehicle costing
Road freight transport: Planning and resourcing
Road freight transport: Routeing and scheduling
International freight forwarding
Part Six. Outsourcing operations and services
Outsourcing: Operations and services
Outsourcing: Decision criteria
Outsourcing: The selection process
Outsourcing: Management
Part Seven. Operational management
Cost and performance monitoring
Benchmarking logistics operations
Information and communication technology in the supply chain
Security and safety
Logistics and the environment
Humanitarian logistics
</subfield>
  </datafield>
  <datafield tag="520" ind1=" " ind2=" ">
    <subfield code="a">"Fully grasp the core principles of logistics, distribution management and the supply chain, in addition to emerging trends and the latest technologies, with this definitive guide that offers clear and straightforward explanations. The Handbook of Logistics and Distribution Management provides students with a complete overview of all aspects of setting up, managing, and optimizing supply chains. Written by an author team with years of practical experience in some of the most challenging environments across the world, this textbook is underpinned by real-world data and worked examples throughout. Designed to offer a complete understanding of how supply chains fit together, The Handbook of Logistics and Distribution is structured logically and delves into topics in more detail than collections of research papers of miscellaneous works. With coverage on all the key aspects of distribution, logistics and supply chain management, students will find this to be an invaluable resource and useful desk reference throughout their careers. The seventh edition includes updates and solutions designed to meet the challenges faced by those studying and working in the sector. New material covers future technologies, including artificial intelligence, cyber-security, 5G mobile networks, drones and cobots, and how these can be used to optimize operations and increase productivity. Online resources include lecture slides (tables, images and formulae from the text), glossary of terms, weblinks, blog articles, video interviews and infographics"-- Provided by publisher</subfield>
  </datafield>
  <datafield tag="650" ind1=" " ind2="0">
    <subfield code="a">Physical distribution of goods</subfield>
    <subfield code="v">Handbooks, manuals, etc.</subfield>
  </datafield>
  <datafield tag="650" ind1=" " ind2="0">
    <subfield code="a">Business logistics</subfield>
    <subfield code="v">Handbooks, manuals, etc.</subfield>
  </datafield>
  <datafield tag="650" ind1=" " ind2="7">
    <subfield code="a">Business logistics.</subfield>
  </datafield>
  <datafield tag="650" ind1=" " ind2="7">
    <subfield code="a">Physical distribution of goods</subfield>
  </datafield>
  <datafield tag="700" ind1="1" ind2=" ">
    <subfield code="a">Croucher, Phil,</subfield>
    <subfield code="d">1954-</subfield>
  </datafield>
  <datafield tag="700" ind1="1" ind2=" ">
    <subfield code="a">Baker, Peter,</subfield>
    <subfield code="d">1950-</subfield>
  </datafield>
  <datafield tag="942" ind1=" " ind2=" ">
    <subfield code="c">BK</subfield>
  </datafield>
  <datafield tag="999" ind1=" " ind2=" ">
    <subfield code="c">11003</subfield>
    <subfield code="d">11003</subfield>
  </datafield>
  <datafield tag="952" ind1=" " ind2=" ">
    <subfield code="0">0</subfield>
    <subfield code="1">0</subfield>
    <subfield code="4">0</subfield>
    <subfield code="7">0</subfield>
    <subfield code="a">MU0001</subfield>
    <subfield code="b">MU0001</subfield>
    <subfield code="d">2025-01-22</subfield>
    <subfield code="e">MAK  Solution</subfield>
    <subfield code="l">0</subfield>
    <subfield code="o">658.788 RUS</subfield>
    <subfield code="p">0087166</subfield>
    <subfield code="r">2025-06-16 10:02:36</subfield>
    <subfield code="t">1</subfield>
    <subfield code="w">2025-06-16</subfield>
    <subfield code="y">BK</subfield>
  </datafield>
</record>
